| 000 | 01798nam a2200445 i 4500 | ||
|---|---|---|---|
| 001 | 196145 | ||
| 003 | ES-MaACL | ||
| 005 | 20250822035019.0 | ||
| 008 | 240816s2002 sp | ||| ||spa | ||
| 016 | 7 |
_abimoBNE20030584557 _2SpMaBN |
|
| 017 |
_aM 54677-2002 _bOficina Depósito Legal Madrid |
||
| 020 | _a8479232951 | ||
| 035 | _a(OCoLC)433032950 | ||
| 035 | _a(SpMaBN)bimo0001866506 | ||
| 035 | _a991012981949708606 | ||
| 040 |
_aSpMaBN _bspa _cSpMaBN _erdc |
||
| 080 | _a159.9:2 | ||
| 080 | _a2:316.628 | ||
| 245 | 0 | 0 |
_aMiedo y religión / _cFrancisco Diez de Velasco (ed.). |
| 250 | _a1ª ed. | ||
| 260 |
_aMadrid : _bEdiciones del Orto, _c2002. |
||
| 300 |
_a380 p. : _c24 cm. |
||
| 336 |
_2rdacontent _atexto |
||
| 337 |
_2rdamedia _asin mediación |
||
| 338 |
_2rdacarrier _avolumen |
||
| 500 | _a"Selección y adaptación de las contribuciones del simposio "Milenio, miedo y religión" que se desarrolló en la Universidad de La Laguna del 3 al 6 de febrero de 2000"--P. [7] | ||
| 504 | _aIncluye referencias bibliográficas | ||
| 530 | _aVersión digital en línea: https://fradive.webs.ull.es/artic/miedoyreligion.pdf | ||
| 546 | _aTextos en español, francés e inglés. | ||
| 650 | 7 |
_aPsicología religiosa _2embne _916571 |
|
| 650 | 0 |
_aMiedo- _xAspectos religiosos _2embne _9238380 |
|
| 700 | 1 |
_aDíez de Velasco, Francisco, _d1960- _9174249 _epbl |
|
| 852 |
_aES-MaACL _bR.153084 _cDEPOJ _jN-9212 _hDonación: Francisco Díez de Velasco _xEncuadernación rústica _9205162 |
||
| 903 |
_9174249 _aDíez de Velasco, Francisco, _d1960- _ednr |
||
| 942 |
_cMONOGRAFIA _n0 |
||
| 999 |
_c196145 _d196145 |
||